| 000 | 00511nam a2200229Ia 4500 | ||
|---|---|---|---|
| 003 | IT-RoPAU | ||
| 008 | 120407s9999 xx 000 0 und d | ||
| 040 | _aIT-RoPAU | ||
| 040 | _cIT-RoPAU | ||
| 041 | _aita | ||
| 100 | _aKarl Marx | ||
| 245 | _aPer la critica dell’economia politica. 3a ed. | ||
| 250 | _aRoma | ||
| 260 | _aEditori Riuniti | ||
| 260 | _c1974 | ||
| 300 | _a222 p. | ||
| 300 | _c22 cm | ||
| 490 | _aBiblioteca del pensiero moderno | ||
| 490 | _v1 | ||
| 942 | _cBK | ||
| 999 |
_c29285 _d29285 |
||